القاموس الإسلامي للناشئين و الشباب / (رقم التسجيلة. 43620)

تفاصيل مارك
000 -LEADER
fixed length control field 00718nam a22002297a 4500
005 - DATE AND TIME OF LATEST TRANSACTION
control field 20251108170549.0
008 - FIXED-LENGTH DATA ELEMENTS--GENERAL INFORMATION
fixed length control field 250721s1997 xx 000 0 ara d
082 14 - DEWEY DECIMAL CLASSIFICATION NUMBER
Classification number م/ط/210.3/همش
100 1# - MAIN ENTRY--PERSONAL NAME
Personal name الهمشري، محمد علي
245 10 - TITLE STATEMENT
Title القاموس الإسلامي للناشئين و الشباب /
264 1# - PRODUCTION, PUBLICATION, DISTRIBUTION, MANUFACTURE, AND COPYRIGHT NOTICE
Place of production, publication, distribution, manufacture الرياض :
Name of producer, publisher, distributor, manufacturer مكتبة الكعبيان،
Date of production, publication, distribution, manufacture, or copyright notice 1997.
300 ## - PHYSICAL DESCRIPTION
Extent 12ج
650 17 - SUBJECT ADDED ENTRY--TOPICAL TERM
Topical term or geographic name as entry element الفقه الإسلامي
650 17 - SUBJECT ADDED ENTRY--TOPICAL TERM
Topical term or geographic name as entry element العبادة
650 17 - SUBJECT ADDED ENTRY--TOPICAL TERM
Topical term or geographic name as entry element الصوات
650 17 - SUBJECT ADDED ENTRY--TOPICAL TERM
Topical term or geographic name as entry element الجهاد
650 17 - SUBJECT ADDED ENTRY--TOPICAL TERM
Topical term or geographic name as entry element العقيدة الدينية
700 1# - ADDED ENTRY--PERSONAL NAME
Personal name أبو الفتوح، السيد
700 1# - ADDED ENTRY--PERSONAL NAME
Personal name موسى، علي إسماعيل
942 ## - ADDED ENTRY ELEMENTS (KOHA)
Source of classification or shelving scheme Dewey Decimal Classification
Koha item type كتب
المقتنيات
حالة السحب حالة الفقدان مصدر التصنيف حالة التلف غير قابل للإعارة المكتبة الرئيسية المكتبة الحالية موقع الرف تاريخ التزويد الرقم المتسلسل Total Checkouts رقم الإستدعاء الباركود تاريخ آخر ظهور تاريخ الفاتورة نوع المادة (كوها)
    Dewey Decimal Classification     مكتبة أبو علندا العامة مكتبة أبو علندا العامة الأطفال 28/07/2025 555888   م/ط/210.3/همش 555888 28/07/2025 28/07/2025 كتب
    Dewey Decimal Classification     مكتبة الراية الهاشمية للأطفال مكتبة الراية الهاشمية للأطفال الأطفال 03/10/2015 297954   م/ط/210.3/همش PLD00350843 28/07/2025 03/10/2015 كتب
    Dewey Decimal Classification   Not For Loan مكتبة بدر للأطفال مكتبة بدر للأطفال الأطفال 21/08/2022 290840   م/ط/210.3/همش PLD00499836 28/07/2025 21/08/2022 كتب
    Dewey Decimal Classification   Not For Loan مكتبة بدر للأطفال مكتبة بدر للأطفال الأطفال 21/08/2022 290843   م/ط/210.3/همش PLD00499838 28/07/2025 21/08/2022 كتب
    Dewey Decimal Classification   Not For Loan مكتبة بدر للأطفال مكتبة بدر للأطفال الأطفال 21/08/2022 290846   م/ط/210.3/همش PLD00499839 28/07/2025 21/08/2022 كتب
    Dewey Decimal Classification   Not For Loan مكتبة بدر للأطفال مكتبة بدر للأطفال الأطفال 21/08/2022 290838   م/ط/210.3/همش PLD00499841 28/07/2025 21/08/2022 كتب
    Dewey Decimal Classification   Not For Loan مكتبة بدر للأطفال مكتبة بدر للأطفال الأطفال 21/08/2022 290833   م/ط/210.3/همش PLD00499842 28/07/2025 21/08/2022 كتب
    Dewey Decimal Classification     مكتبة حمزة العامة مكتبة حمزة العامة الأطفال 12/05/2018 1669198   م/ط/210.3/همش PLD00420639 28/07/2025 12/05/2018 كتب
    Dewey Decimal Classification     مكتبة حمزة العامة مكتبة حمزة العامة الأطفال 13/05/2018 1668669   م/ط/210.3/همش PLD00420828 28/07/2025 13/05/2018 كتب
    Dewey Decimal Classification     مكتبة حمزة العامة مكتبة حمزة العامة الأطفال 13/05/2018 1668668   م/ط/210.3/همش PLD00420831 28/07/2025 13/05/2018 كتب
    Dewey Decimal Classification     مكتبة حمزة العامة مكتبة حمزة العامة الأطفال 13/05/2018 1668667   م/ط/210.3/همش PLD00420832 28/07/2025 13/05/2018 كتب
    Dewey Decimal Classification     مكتبة حمزة العامة مكتبة حمزة العامة الأطفال 13/05/2018 1668666   م/ط/210.3/همش PLD00420834 28/07/2025 13/05/2018 كتب
    Dewey Decimal Classification     مكتبة حمزة العامة مكتبة حمزة العامة الأطفال 13/05/2018 1668665   م/ط/210.3/همش PLD00420835 28/07/2025 13/05/2018 كتب
    Dewey Decimal Classification     مكتبة حمزة العامة مكتبة حمزة العامة الأطفال 13/05/2018 1668661   م/ط/210.3/همش PLD00420839 28/07/2025 13/05/2018 كتب
    Dewey Decimal Classification     مكتبة حمزة العامة مكتبة حمزة العامة الأطفال 13/05/2018 1668662   م/ط/210.3/همش PLD00420840 28/07/2025 13/05/2018 كتب
    Dewey Decimal Classification     مكتبة حمزة العامة مكتبة حمزة العامة الأطفال 13/05/2018 1668663   م/ط/210.3/همش PLD00420841 28/07/2025 13/05/2018 كتب
    Dewey Decimal Classification     مكتبة حمزة العامة مكتبة حمزة العامة الأطفال 13/05/2018 1668664   م/ط/210.3/همش PLD00420843 28/07/2025 13/05/2018 كتب
Implemented & Customized by: BBB with SCIT (Smart Chains for Information Technology)

Powered by Koha